Julio Tobar Donoso : un centenario, 1894-1994.
Saved in:
| Format: | Book |
|---|---|
| Language: | Spanish |
| Published: |
Quito :
Banco Central del Ecuador,
1994.
|
| Subjects: | |
| Tags: |
Add Tag
No Tags, Be the first to tag this record!
|
| LEADER | 00695nam a2200217Ma 4500 | ||
|---|---|---|---|
| 001 | 006175159-6 | ||
| 005 | 20020606163548.3 | ||
| 008 | 970514s1994 ec a c 000 0bspa d | ||
| 010 | |a 95165624 | ||
| 035 | 0 | |a ocm36902951 | |
| 040 | |a AZU |c AZU |d DLC |d HLS | ||
| 043 | |a s-ec--- | ||
| 090 | |a LA2365.E22 |b T63 1994 | ||
| 245 | 0 | 0 | |a Julio Tobar Donoso : |b un centenario, 1894-1994. |
| 260 | |a Quito : |b Banco Central del Ecuador, |c 1994. | ||
| 300 | |a 47 p. : |b ill. ; |c 20 cm. | ||
| 500 | |a "Exposición fotográfica, 23 de Noviembre a 16 de Diciembre de 1994." | ||
| 600 | 2 | 0 | |a Tobar Donoso, Julio, |d 1894- |x Pictorial works. |
| 650 | 0 | |a Teachers |z Ecuador |x Pictorial works. | |
| 988 | |a 20020608 | ||
| 906 | |0 OCLC | ||


